| 000 | 00555nam a22001817a 4500 | ||
|---|---|---|---|
| 005 | 20250708111133.0 | ||
| 008 | 250708b |||||||| |||| 00| 0 eng d | ||
| 020 | _a978-1-4737-4 | ||
| 100 | _aSTOLOWY, HERVE | ||
| 245 |
_aFINANCIAL ACCOUNTING AND REPORTING _bA GLOBAL PERSPECTIVE |
||
| 250 | _a5TH ED. | ||
| 260 |
_aHAMPSHIRE _bCENGAGE LEARNING _c2017 |
||
| 300 | _aXXVIII,660P.ICL | ||
| 500 | _aINCLUDES BIBLIOGRAPHICAL REFERENCES AND INDEX | ||
| 650 | _a1. ACCOUNTING 2. ACCOUNTING PROBLEMS,EXERCISES | ||
| 700 | _aDING,YUAN | ||
| 942 |
_2lcc _cBK |
||
| 999 |
_c215840 _d215840 |
||